Statistics for UK Parliament Constituencies: Greater London

Click here to take the quiz!

General Stats

  • This quiz has been taken 556 times
  • The average score is 53 of 73

Answer Stats

Answer% Correct
Cities of London and Westminster
97%
Chelsea and Fulham
91%
Islington North
90%
Islington South and Finsbury
90%
Kensington
87%
Croydon Central
85%
Croydon North
85%
Croydon South
85%
Uxbridge and South Ruislip
85%
Ealing Central and Acton
84%
Hackney South and Shoreditch
84%
Westminster North
84%
Ealing North
83%
Ealing Southall
83%
Hackney North and Stoke Newington
83%
Brent Central
82%
Brent North
82%
Dagenham and Rainham
80%
Enfield North
80%
Enfield Southgate
80%
Lewisham Deptford
80%
Lewisham East
80%
Lewisham West and Penge
80%
Richmond Park
80%
Wimbledon
80%
Bromley and Chislehurst
79%
Greenwich and Woolwich
79%
Harrow East
79%
Harrow West
79%
Barking
78%
East Ham
78%
Hammersmith
78%
Tottenham
78%
West Ham
78%
Chipping Barnet
75%
Finchley and Golders Green
75%
Battersea
74%
Bermondsey and Southwark
74%
Kingston and Surbiton
74%
Ruislip, Northwood and Pinner
73%
Hampstead and Kilburn
72%
Old Bexley and Sidcup
72%
Sutton and Cheam
72%
Tooting
72%
Bexleyheath and Crayford
70%
Putney
70%
Vauxhall
68%
Walthamstow
66%
Mitcham and Morden
64%
Bethnal Green and Bow
63%
Camberwell and Peckham
63%
Hendon
63%
Holborn and St. Pancras
63%
Ilford North
63%
Ilford South
63%
Orpington
63%
Hornchurch and Upminster
62%
Twickenham
62%
Hornsey and Wood Green
61%
Leyton and Wanstead
61%
Romford
60%
Chingford and Woodford Green
59%
Brentford and Isleworth
58%
Dulwich and West Norwood
58%
Carshalton and Wallington
57%
Poplar and Limehouse
57%
Beckenham
56%
Hayes and Harlington
56%
Streatham
54%
Eltham
50%
Erith and Thamesmead
49%
Feltham and Heston
49%
Edmonton
47%

Score Distribution

Percentile by Number Answered

Percent of People with Each Score

Your Score History

You have not taken this quiz